000 00481nam a2200193Ia 4500
008 220531s9999 xx 000 0 und d
020 _a978-93-5056-769-2
041 _aeng
082 _bCHA / DAS
100 _aDas, Kartick
_982147
245 _aChanging Dynamics of Higher Education
250 _a1ST
260 _aNew Delhi
_bDPH
_c2016
300 _a214
542 _d22-01-2019
650 _aEducation
_982148
906 _d2018-2019
_f15732
999 _c45318
_d45318